Largest European Cities by Decade (1700-1790) - Statistics

General Stats
  • This quiz has been taken 62 times
  • The average score is 65 of 70
Answer Stats
Year Rank Population Answer % Correct
2. 576,000 London
100%
2. 595,000 London
100%
2. 615,000 London
100%
2. 636,000 London
100%
1740 1. 655,000 London
100%
1750 1. 677,000 London
100%
1760 1. 713,000 London
100%
1770 1. 752,000 London
100%
1780 1. 789,000 London
100%
1790 1. 826,000 London
100%
3. 530,000 Paris
100%
3. 516,000 Paris
100%
3. 519,000 Paris
100%
3. 533,000 Paris
100%
3. 546,000 Paris
100%
3. 560,000 Paris
100%
3. 576,000 Paris
100%
3. 593,000 Paris
100%
3. 588,000 Paris
100%
3. 567,000 Paris
100%
1700 1. 700,000 Constantinople
97%
1710 1. 687,000 Constantinople
97%
1720 1. 673,000 Constantinople
97%
1730 1. 659,000 Constantinople
97%
2. 646,000 Constantinople
97%
2. 632,000 Constantinople
97%
2. 620,000 Constantinople
97%
2. 607,000 Constantinople
97%
2. 594,000 Constantinople
97%
2. 582,000 Constantinople
97%
5. 180,000 Lisbon
91%
6. 181,000 Lisbon
91%
6. 182,000 Lisbon
91%
6. 183,000 Lisbon
91%
6. 184,000 Lisbon
91%
6. 185,000 Lisbon
91%
7. 189,000 Lisbon
91%
7. 127,000 Madrid
91%
7. 135,000 Madrid
91%
7. 143,000 Madrid
91%
7. 152,000 Madrid
91%
6. 180,000 Amsterdam
90%
5. 183,000 Amsterdam
90%
5. 187,000 Amsterdam
90%
5. 191,000 Amsterdam
90%
5. 194,000 Amsterdam
90%
5. 198,000 Amsterdam
90%
5. 202,000 Amsterdam
90%
6. 206,000 Amsterdam
90%
7. 209,000 Amsterdam
90%
7. 213,000 Amsterdam
90%
5. 209,000 Moscow
90%
5. 240,000 Moscow
90%
5. 271,000 Moscow
90%
7. 163,000 Vienna
88%
7. 175,000 Vienna
88%
6. 190,000 Vienna
88%
7. 205,000 Vienna
88%
6. 219,000 Vienna
88%
6. 233,000 Vienna
88%
4. 300,000 Naples
86%
4. 308,000 Naples
86%
4. 316,000 Naples
86%
4. 324,000 Naples
86%
4. 332,000 Naples
86%
4. 341,000 Naples
86%
4. 358,000 Naples
86%
4. 377,000 Naples
86%
4. 395,000 Naples
86%
4. 413,000 Naples
86%
No matching quizzes found
Score Distribution
Percent of People with Each Score
Percentile by Number Answered
Your Score History
You have not taken this quiz